00433nam a2200169Ia 450000500170000000800410001702000100005804000190006804100120008708200110009910000190011024500290012926000600015830000120021865000230023085000100025320230622113617.0131103s9999 xx 000 0 und d cRs,15 aLoreto College aEnglish aFbBAG aBagley,Desmond aWindfallcDesmond Bagley aCalcuttabRupa and Co.by arrangement with Collinsc1982 a320 p.  aFiction in English aLCLIB